| 000 | 00700nam a2200205 a 4500 | ||
|---|---|---|---|
| 001 | 000047866 | ||
| 005 | 20250919112546.0 | ||
| 008 | 181001s2017 dr 000 0 spa d | ||
| 020 | _a9789945610031 | ||
| 040 |
_aDO-SdBNP _bspa _cBNPHU |
||
| 082 |
_axx _bxx |
||
| 100 | 1 |
_aCury Hijo, Jottin _975425 |
|
| 245 | 1 | 0 |
_aLímites al derecho de propiedad y áreas protegidas / _cJottin Cury Hijo. |
| 260 |
_aSanto Domingo : _bJUDEX, _c2017. |
||
| 300 |
_a147 p. ; _c24 cm. |
||
| 504 | _aBibliografía : p. 143-144 | ||
| 500 | _aIncluye referencias bibliográficas y notas al pie de las páginas | ||
| 590 | _aInventariado, 2018/VM | ||
| 710 | 1 |
_aRepública Dominicana. _bCorte de Constitucionalidad _971191 |
|
| 999 |
_c47354 _d47354 |
||